Fuga en Puente Grande : ___y una que otra más /

Obra que, a través de la narración de eventos emblemáticos alrededor de la figura de Joaquín “El Chapo” Guzmán, expone los vicios del sistema de seguridad y procuración de justicia mexicano. Teniendo como punto focal la tan mediática fuga del narcotraficante más famoso de la época, el autor entrelaz...

Volledige beschrijving

Bewaard in:
Bibliografische gegevens
Hoofdauteur: Moreno, Norberto (autor)
Formaat: Boek
Taal:Spaans
Gepubliceerd in: México : edición de autor, 2001, c2001
Onderwerpen:
Tags: Voeg label toe
Geen labels, Wees de eerste die dit record labelt!

MARC

LEADER 00000nam^a2200000^a^4500
001 000353060
005 20250521000000.0
009 20260526141628.424
025 |a Donación sin dato, 1 ejemplar 
037 |a Acervo ITESO - Biblioteca 
041 |a ESP 
082 |a 320. 9720711  |b MOR 
100 |a Moreno, Norberto  |e (autor) 
245 1 0 |a Fuga en Puente Grande :  |b ___y una que otra más /  |c N. Moreno. 
264 4 |a México :  |b edición de autor,  |c 2001, c2001 
300 |a 203 p. 
336 |a texto  |b txt  |2 rdacontenido 
337 |a sin mediación  |b n  |2 rdamedio 
338 |a volumen  |b nc  |2 rdasoporte 
520 |a Obra que, a través de la narración de eventos emblemáticos alrededor de la figura de Joaquín “El Chapo” Guzmán, expone los vicios del sistema de seguridad y procuración de justicia mexicano. Teniendo como punto focal la tan mediática fuga del narcotraficante más famoso de la época, el autor entrelaza la vida del capo con eventos que han definido el rumbo del país, tanto en la década de los noventa como en los primeros años del siglo XXI. 
561 |a Obra autografiada por el autor en 2001 para Lic. Teresa Gutiérrez 
649 |a XX 
650 |a Narcotraficantes 
650 |a Cárceles y Centros de Readaptación Social -  |z Puente Grande, Jalisco -  |x Historia -  |x Tema Principal 
650 |a Cárceles y Centros de Readaptación Social -  |z Puente Grande, Jalisco - 
650 |a Cárceles y Centros de Readaptación Social -  |z Jalisco -  |x Historia -  |y 2000-2006 
650 |a Cárceles y Centros de Readaptación Social -  |z Jalisco -  |x Historia 
650 |a Cárceles y Centros de Readaptación Social -  |z Jalisco 
650 |a Cárceles y Centros de Readaptación Social -  |z México -  |x Historia  |y 2000-2006 
650 |a Cárceles y Centros de Readaptación Social -  |z México -  |x Historia 
650 |a Cárceles y Centros de Readaptación Social -  |z México 
650 |a Cárceles y Centros de Readaptación Social 
650 |a Política -  |z México -  |x Historia -  |y 1988-1994 
650 |a Política -  |z México -  |x Historia -  |y 2000-2006 
650 |a Política -  |z México -  |x Historia -  |y Siglo XX 
650 |a Política -  |z México -  |x Historia 
650 |a Política -  |z México 
650 |a Narcotráfico -  |z México -  |x Historia -  |y 2000-2006 
650 |a Narcotráfico -  |z México -  |x Historia -  |y Siglo XX 
650 |a Narcotráfico -  |z México -  |x Historia 
650 |a Narcotráfico -  |z México 
650 |a Crimen Organizado 
650 |a Delitos 
650 |a Problemas Sociales 
650 |a Sociología 
650 |a Posadas Ocampo, Juan Jesús 
650 |a Cártel de Tijuana 
650 |a Cártel de Sinaloa -  |x Tema Principal 
650 |a Arellano Félix, Familia 
650 |a Chapo Guzmán -  |x Tema Principal 
910 |a Fondo General 
920 |a Impresos - Libros 
930 |a Colección General 
905 |a 101 
901 |a 0500246555  |b IT1  |c ACC  |i D  |u 20250521 
902 |a https://opac.biblio.iteso.mx/vufind/Record/000353060